<?xml version="1.0" encoding="UTF-8"?><?xml-stylesheet type="text/xsl" href="static/style.xsl"?><OAI-PMH xmlns="http://www.openarchives.org/OAI/2.0/" xmlns:xsi="http://www.w3.org/2001/XMLSchema-instance" xsi:schemaLocation="http://www.openarchives.org/OAI/2.0/ http://www.openarchives.org/OAI/2.0/OAI-PMH.xsd"><responseDate>2026-04-17T17:23:16Z</responseDate><request verb="GetRecord" identifier="oai:www.recercat.cat:10230/59321" metadataPrefix="marc">https://recercat.cat/oai/request</request><GetRecord><record><header><identifier>oai:recercat.cat:10230/59321</identifier><datestamp>2025-12-18T01:25:14Z</datestamp><setSpec>com_2072_6</setSpec><setSpec>col_2072_452952</setSpec></header><metadata><record xmlns="http://www.loc.gov/MARC21/slim" xmlns:dcterms="http://purl.org/dc/terms/" xmlns:xsi="http://www.w3.org/2001/XMLSchema-instance" xmlns:doc="http://www.lyncode.com/xoai" xsi:schemaLocation="http://www.loc.gov/MARC21/slim http://www.loc.gov/standards/marcxml/schema/MARC21slim.xsd">
   <leader>00925njm 22002777a 4500</leader>
   <datafield ind2=" " ind1=" " tag="042">
      <subfield code="a">dc</subfield>
   </datafield>
   <datafield ind2=" " ind1=" " tag="720">
      <subfield code="a">Guisado-Gil, Ana Belén</subfield>
      <subfield code="e">author</subfield>
   </datafield>
   <datafield ind2=" " ind1=" " tag="720">
      <subfield code="a">Gutiérrez Urbón, José María</subfield>
      <subfield code="e">author</subfield>
   </datafield>
   <datafield ind2=" " ind1=" " tag="720">
      <subfield code="a">Ribed-Sánchez, Almudena</subfield>
      <subfield code="e">author</subfield>
   </datafield>
   <datafield ind2=" " ind1=" " tag="720">
      <subfield code="a">Luque Pardos, Sònia</subfield>
      <subfield code="e">author</subfield>
   </datafield>
   <datafield ind2=" " ind1=" " tag="720">
      <subfield code="a">Sánchez Cadena, Abraham</subfield>
      <subfield code="e">author</subfield>
   </datafield>
   <datafield ind2=" " ind1=" " tag="720">
      <subfield code="a">Mejuto, Beatriz</subfield>
      <subfield code="e">author</subfield>
   </datafield>
   <datafield ind2=" " ind1=" " tag="720">
      <subfield code="a">Jaramillo Ruiz, Didiana</subfield>
      <subfield code="e">author</subfield>
   </datafield>
   <datafield ind2=" " ind1=" " tag="720">
      <subfield code="a">Peñalva, Germán</subfield>
      <subfield code="e">author</subfield>
   </datafield>
   <datafield ind2=" " ind1=" " tag="720">
      <subfield code="a">Cisneros, José Miguel</subfield>
      <subfield code="e">author</subfield>
   </datafield>
   <datafield ind2=" " ind1=" " tag="260">
      <subfield code="c">2024-03-05T07:32:23Z</subfield>
   </datafield>
   <datafield ind2=" " ind1=" " tag="260">
      <subfield code="c">2024-03-05T07:32:23Z</subfield>
   </datafield>
   <datafield ind2=" " ind1=" " tag="260">
      <subfield code="c">2023</subfield>
   </datafield>
   <datafield ind2=" " ind1=" " tag="520">
      <subfield code="a">Article disponible en anglès: http://hdl.handle.net/10230/59318</subfield>
   </datafield>
   <datafield ind2=" " ind1=" " tag="520">
      <subfield code="a">Resumen: La profilaxis antibiótica quirúrgica es una de las medidas más útiles para la prevención de la infección de la herida quirúrgica. Objetivo: el objetivo de este proyecto es evaluar la adecuación del uso de profilaxis antibiótica en procedimientos quirúrgicos realizados en centros hospitalarios españoles, tanto de forma global como en función del tipo de cirugía realizada. Metodología: para ello, se ha diseñado un estudio observacional, retrospectivo, transversal y multicéntrico, donde se recopilarán todas aquellas variables que permitan evaluar la adecuación de la profilaxis antibiótica quirúrgica mediante la comparación del tratamiento prescrito, las recomendaciones recogidas en las guías locales y el documento de consenso de la Sociedad Española de Enfermedades Infecciosas y Microbiología Clínica y la Asociación Española de Cirujanos. Se tendrán en cuenta la indicación, elección del antimicrobiano, dosis, vía de administración y tiempo de infusión, momento de la administración de la primera dosis, redosificación y la duración de la profilaxis. La muestra estará constituida por pacientes que hayan sido intervenidos de forma programada o urgente, en régimen de hospitalización o ambulatorio, en centros hospitalarios de España. Se ha establecido un tamaño muestral de 2.335 pacientes para estimar con una confianza del 95% y una potencia del 80%, un porcentaje de adecuación que se espera esté en torno al 70%. Las diferencias entre las variables se analizarán mediante la prueba t-Student, U de Mann-Whitney, el test Chi2 o test de Fisher, según proceda. El grado de concordancia entre la profilaxis antibiótica recomendada por las guías de los distintos hospitales y la recomendada en la literatura se analizará mediante el cálculo del indicador Kappa de Cohen. Con el fin de identificar posibles factores que puedan asociarse con diferencias en la adecuación de uso de profilaxis antibiótica, se llevará a cabo un análisis de regresión logística binario y mediante modelos lineales mixtos generalizados. Discusión: los resultados de este proyecto nos permitirán poner el foco en determinadas áreas quirúrgicas con mayor porcentaje de inadecuación de tratamientos, detectar puntos clave de actuación y dirigir las futuras estrategias de los programas de optimización del uso de antimicrobianos en el ámbito de la profilaxis antibiótica.</subfield>
   </datafield>
   <datafield tag="653" ind2=" " ind1=" ">
      <subfield code="a">Profilaxis antibiótica</subfield>
   </datafield>
   <datafield tag="653" ind2=" " ind1=" ">
      <subfield code="a">Programas de optimización del uso de antimicrobianos</subfield>
   </datafield>
   <datafield tag="653" ind2=" " ind1=" ">
      <subfield code="a">Indicadores de calidad asistencial</subfield>
   </datafield>
   <datafield tag="653" ind2=" " ind1=" ">
      <subfield code="a">Agentes antiinfecciosos</subfield>
   </datafield>
   <datafield tag="653" ind2=" " ind1=" ">
      <subfield code="a">Cirugía</subfield>
   </datafield>
   <datafield ind2="0" ind1="0" tag="245">
      <subfield code="a">Análisis de la adecuación de la profilaxis antibiótica en procedimientos quirúrgicos en España. Protocolo del estudio ProA-Q</subfield>
   </datafield>
</record></metadata></record></GetRecord></OAI-PMH>